Minerals of the Montmorillonite group : their origin and relation to soils and clays /

Bibliographic Details
Main Authors: Ross, Clarence S. (Clarence Samuel), 1880-1975 (Author), Hendricks, Sterling B. (Author)
Format: Government Document eBook
Language:English
Published: Washington : United States Department of the Interior, Geological Survey, 1945.
Series:Professional paper (Geological Survey (U.S.)) ; no. 205-B.
Shorter contributions to general geology ; 1943-1944.
Subjects:
Online Access:https://purl.fdlp.gov/GPO/gpo79947

MARC

Tag First Indicator Second Indicator Subfields
LEADER 00000cam a2200000 i 4500
001 in00003836062
005 20211120182139.0
006 m o d f
007 cr mn|||||||||
008 140929m19431944dcua ob f001 0 eng c
019 |a 686957325 
035 |a (OCoLC)ocn891572262 
040 |a COP  |b eng  |e rda  |e pn  |c COP  |d OCLCO  |d OCLCE  |d OCLCF  |d OCL  |d GPO  |d MvI  |d UtOrBLW 
042 |a dlr  |a pcc 
049 |a WWW 
074 |a 0624 (online) 
086 0 |a I 19.16:205-B 
100 1 |a Ross, Clarence S.  |q (Clarence Samuel),  |d 1880-1975,  |e author.  |0 http://id.loc.gov/authorities/names/n81144119 
245 1 0 |a Minerals of the Montmorillonite group :  |b their origin and relation to soils and clays /  |c by Clarence S. Ross and Sterling B. Hendricks. 
264 1 |a Washington :  |b United States Department of the Interior, Geological Survey,  |c 1945. 
300 |a 1 online resource (iv, 79 pages) :  |b illustrations. 
336 |a text  |b txt  |2 rdacontent 
337 |a computer  |b c  |2 rdamedia 
338 |a online resource  |b cr  |2 rdacarrier 
490 1 |a Professional paper ;  |v 205-B 
490 1 |a Shorter contributions to general geology ;  |v 1943-44 
500 |a Title from title screen (viewed September 22, 2014). 
504 |a Includes bibliographical references (pages 72-77) and index. 
650 0 |a Clay minerals.  |0 http://id.loc.gov/authorities/subjects/sh85026872 
650 0 |a Montmorillonite.  |0 http://id.loc.gov/authorities/subjects/sh85087075 
650 7 |a Clay minerals.  |2 fast  |0 (OCoLC)fst00863854 
650 7 |a Montmorillonite.  |2 fast  |0 (OCoLC)fst01025863 
700 1 |a Hendricks, Sterling B.,  |e author.  |0 http://id.loc.gov/authorities/names/no98124751 
710 2 |a Geological Survey (U.S.),  |e issuing body.  |0 http://id.loc.gov/authorities/names/n80092173 
776 0 8 |i Print version:  |a Ross, Clarence S. (Clarence Samuel), 1880-1975.  |t Minerals of the Montmorillonite group, their origin and relation to soils and clays  |w (OCoLC)10437427 
830 0 |a Professional paper (Geological Survey (U.S.)) ;  |v no. 205-B.  |0 http://id.loc.gov/authorities/names/n84705997 
830 0 |a Shorter contributions to general geology ;  |v 1943-1944.  |0 http://id.loc.gov/authorities/names/n42022417 
856 4 0 |u https://purl.fdlp.gov/GPO/gpo79947  |t 0 
999 f f |s cf8fd0a1-32d3-3d89-961b-eb1c4f68bfb7  |i b43fbfec-c3ac-3639-b396-6c63f0fdce41  |t 0 
952 f f |a Texas A&M University  |b College Station  |c Electronic Resources  |d Available Online  |t 0  |e I 19.16:205-B  |h Superintendent of Documents classification 
998 f f |a I 19.16:205-B  |t 0  |l Available Online